=LDR 00000nam 2200000 4500 =001 INLIS000000000033075 =005 20141222121053.0 =006 =007 =008 ind =035 ##$$0010-061300000033075 =041 ##$$a ind =082 ##$$a 616.858 3 =090 ##$$a 616.858 3, Sad b =100 ##$$a SADARJUN, Sawiotri Supardi, Dr =245 ##$$a Bunga rampai kasus gangguan psikoseksual / Dr.Sawitri Supardi Sadarjun, Psi ; Editor, Rose Herliana, S.Si =260 ##$$a 2005 $b Bandung =300 ##$$a xii, 128 hlm, 24 cm =650 ##$$a Psikoseksual =700 ##$$a Herliana, Rose =850 ##$$a NBPNMAT